Business law : (Record no. 529574)

000 -LEADER
fixed length control field 01105cam a2200301 a 4500
001 - CONTROL NUMBER
control field 597534
003 - CONTROL NUMBER IDENTIFIER
control field NUST
005 - DATE AND TIME OF LATEST TRANSACTION
control field 20190927160543.0
008 - FIXED-LENGTH DATA ELEMENTS--GENERAL INFORMATION
fixed length control field 910415s1992 njua b 001 0 eng
010 ## - LIBRARY OF CONGRESS CONTROL NUMBER
LC control number 91016298
020 ## - INTERNATIONAL STANDARD BOOK NUMBER
International Standard Book Number 013094095X (hard cover) :
Terms of availability $41.00
020 ## - INTERNATIONAL STANDARD BOOK NUMBER
International Standard Book Number 0130949213
038 ## - RECORD CONTENT LICENSOR
Staff Name waseem
040 ## - CATALOGING SOURCE
Original cataloging agency DLC
Transcribing agency DLC
Modifying agency DLC
043 ## - GEOGRAPHIC AREA CODE
Geographic area code n-us---
050 00 - LIBRARY OF CONGRESS CALL NUMBER
Classification number KF889
Item number .C433 1992
082 00 - DEWEY DECIMAL CLASSIFICATION NUMBER
Classification number 346.7307
Author Mark CHE
100 1# - MAIN ENTRY--PERSONAL NAME
Personal name Cheeseman, Henry R.
9 (RLIN) 21883
245 10 - TITLE STATEMENT
Title Business law :
Remainder of title the legal, ethical, and international environment /
Statement of responsibility, etc. Henry R. Cheeseman.
250 ## - EDITION STATEMENT
Edition statement Instructor's ed.
260 ## - PUBLICATION, DISTRIBUTION, ETC.
Place of publication, distribution, etc. Englewood Cliffs, N.J. :
Name of publisher, distributor, etc. Prentice Hall,
Date of publication, distribution, etc. c1992.
300 ## - PHYSICAL DESCRIPTION
Extent 1 v. (various pagings) :
Other physical details ill. ;
Dimensions 29 cm.
504 ## - BIBLIOGRAPHY, ETC. NOTE
Bibliography, etc. note Includes bibliographical references and index.
650 #0 - SUBJECT ADDED ENTRY--TOPICAL TERM
Topical term or geographic name entry element Commercial law
Geographic subdivision United States.
9 (RLIN) 21884
906 ## - LOCAL DATA ELEMENT F, LDF (RLIN)
a 7
b cbc
c orignew
d 1
e ocip
f 19
g y-gencatlg
942 ## - ADDED ENTRY ELEMENTS (KOHA)
Source of classification or shelving scheme
Koha item type Book
Holdings
Withdrawn status Lost status Source of classification or shelving scheme Damaged status Not for loan Permanent Location Current Location Date acquired Full call number Barcode Date last seen Price effective from Koha item type
          NUST Law School (NLS) NUST Law School (NLS) 09/27/2019 346.7307 CHE NBS2582 09/27/2019 09/27/2019 Book
© 2023 Central Library, National University of Sciences and Technology. All Rights Reserved.